A TEXT BOOK OF FORENSIC PHARMACY (Record no. 55787)
[ view plain ]
| 000 -LEADER | |
|---|---|
| fixed length control field | nam a22 7a 4500 |
| 003 - CONTROL NUMBER IDENTIFIER | |
| control field | OSt |
| 005 - DATE AND TIME OF LATEST TRANSACTION | |
| control field | 20221006161545.0 |
| 008 - FIXED-LENGTH DATA ELEMENTS--GENERAL INFORMATION | |
| fixed length control field | 221006b xxu||||| |||| 00| 0 eng d |
| 040 ## - CATALOGING SOURCE | |
| Transcribing agency | IIMT SCHOOL OF PHARMACEUTICAL SCIENCES |
| 100 ## - MAIN ENTRY--PERSONAL NAME | |
| Personal name | DR,SURESSH.B |
| 245 ## - TITLE STATEMENT | |
| Title | A TEXT BOOK OF FORENSIC PHARMACY |
| 260 ## - PUBLICATION, DISTRIBUTION, ETC. | |
| Place of publication, distribution, etc. | DELHI |
| Name of publisher, distributor, etc. | BIRLA |
| Date of publication, distribution, etc. | 2022 |
| 300 ## - PHYSICAL DESCRIPTION | |
| Extent | 152 |
| 942 ## - ADDED ENTRY ELEMENTS (KOHA) | |
| Source of classification or shelving scheme | |
| Koha item type | Text-Book- for 7 days |
| Withdrawn status | Lost status | Source of classification or shelving scheme | Damaged status | Not for loan | Home library | Current library | Date acquired | Source of acquisition | Cost, normal purchase price | Inventory number | Total Checkouts | Barcode | Date last seen | Price effective from | Koha item type |
|---|---|---|---|---|---|---|---|---|---|---|---|---|---|---|---|
| IIMT SCHOOL OF PHARMACEUTICAL SCIENCES | IIMT SCHOOL OF PHARMACEUTICAL SCIENCES | 10/06/2022 | ARISHTA PUBLICATION | 190.00 | HO/IN/84,2022 | 27-B-1307 | 10/06/2022 | 10/06/2022 | Text-Book- for 7 days | ||||||
| IIMT SCHOOL OF PHARMACEUTICAL SCIENCES | IIMT SCHOOL OF PHARMACEUTICAL SCIENCES | 10/06/2022 | ARISHTA PUBLICATION | 190.00 | HO/IN/84,2022 | 27-B-1308 | 10/06/2022 | 10/06/2022 | Text-Book- for 7 days | ||||||
| IIMT SCHOOL OF PHARMACEUTICAL SCIENCES | IIMT SCHOOL OF PHARMACEUTICAL SCIENCES | 10/06/2022 | ARISHTA PUBLICATION | 190.00 | HO/IN/84,2022 | 27-B-1309 | 10/06/2022 | 10/06/2022 | Text-Book- for 7 days |

